<?xml version="1.0" encoding="UTF-8"?>
<record
    xmlns:xsi="http://www.w3.org/2001/XMLSchema-instance"
    xsi:schemaLocation="http://www.loc.gov/MARC21/slim http://www.loc.gov/standards/marcxml/schema/MARC21slim.xsd"
    xmlns="http://www.loc.gov/MARC21/slim">

  <leader>03277nam a22003617i 4500</leader>
  <controlfield tag="003">DO-SdBNP</controlfield>
  <controlfield tag="005">20231122141351.0</controlfield>
  <controlfield tag="006">a||||gr|||| 00| 0 </controlfield>
  <controlfield tag="007">ta</controlfield>
  <controlfield tag="008">210723e2020    dr adc fr   00| 1 edspa d</controlfield>
  <datafield tag="020" ind1=" " ind2=" ">
    <subfield code="a">9789945613452</subfield>
  </datafield>
  <datafield tag="040" ind1=" " ind2=" ">
    <subfield code="a">DO-SdBNP</subfield>
    <subfield code="b">spa</subfield>
    <subfield code="c">BNPHU </subfield>
    <subfield code="e">rda</subfield>
  </datafield>
  <datafield tag="082" ind1=" " ind2="4">
    <subfield code="a">027.5</subfield>
    <subfield code="b">E56m 2018</subfield>
    <subfield code="2">22</subfield>
  </datafield>
  <datafield tag="111" ind1="1" ind2=" ">
    <subfield code="a">Encuentro Nacional de Archivos de la Rep&#xFA;blica Dominicana</subfield>
    <subfield code="n">(6to. :</subfield>
    <subfield code="d"> 2018 : </subfield>
    <subfield code="c">Santo Domingo )</subfield>
    <subfield code="9">79367</subfield>
  </datafield>
  <datafield tag="245" ind1="1" ind2="0">
    <subfield code="a">Memorias del 6to. Encuentro Nacional de Archivos :</subfield>
    <subfield code="b">gesti&#xF3;n documental : administraci&#xF3;n electr&#xF3;nica /</subfield>
    <subfield code="c">Cuidado de edici&#xF3;n ; Raymundo Gonz&#xE1;lez, &#xC1;ngel Hern&#xE1;ndez.</subfield>
  </datafield>
  <datafield tag="246" ind1="1" ind2="0">
    <subfield code="a">Gesti&#xF3;n documental : administraci&#xF3;n electr&#xF3;nica </subfield>
  </datafield>
  <datafield tag="264" ind1="1" ind2=" ">
    <subfield code="a">Santo Domingo :</subfield>
    <subfield code="b">Archivo General de la Naci&#xF3;n,</subfield>
    <subfield code="c">2020.</subfield>
  </datafield>
  <datafield tag="300" ind1=" " ind2=" ">
    <subfield code="a">156 p&#xE1;ginas :</subfield>
    <subfield code="b">Ilustraciones., gr&#xE1;ficas, retratos. ; </subfield>
    <subfield code="c">25 cm. </subfield>
  </datafield>
  <datafield tag="336" ind1=" " ind2=" ">
    <subfield code="2">rdacontent</subfield>
    <subfield code="a">texto</subfield>
    <subfield code="b">txt</subfield>
  </datafield>
  <datafield tag="337" ind1=" " ind2=" ">
    <subfield code="2">rda media</subfield>
    <subfield code="a">sin mediaci&#xF3;n</subfield>
    <subfield code="b">n</subfield>
  </datafield>
  <datafield tag="338" ind1=" " ind2=" ">
    <subfield code="2">rdacarrier</subfield>
    <subfield code="a">volumen</subfield>
    <subfield code="b">nc</subfield>
  </datafield>
  <datafield tag="490" ind1=" " ind2=" ">
    <subfield code="a">Archivo General de la Naci&#xF3;n ; </subfield>
    <subfield code="v">378</subfield>
  </datafield>
  <datafield tag="505" ind1="0" ind2=" ">
    <subfield code="a">Presentaci&#xF3;n, 9.-- Discurso de apertura: &#xAB;Gesti&#xF3;n documental y administraci&#xF3;n electr&#xF3;nica&#xBB; / Roberto Cass&#xE1;, 11.-- Los desaf&#xED;os de la gesti&#xF3;n del documento electr&#xF3;nico desde una perspectiva archiv&#xED;stica / Ram&#xF3;n Alberch i Fugueras, 21.-- Marco normativo de tecnolog&#xED;as de la informaci&#xF3;n y comunicaci&#xF3;n / Glenny Castro, 31.-- La gesti&#xF3;n de los datos de car&#xE1;cter personal en los archivos a trav&#xE9;s del nuevo reglamento europeo de protecci&#xF3;n de datos personales / Cristina D&#xED;az Mart&#xED;nez, 37.-- Normas sobre tecnolog&#xED;as de la informaci&#xF3;n y comunicaci&#xF3;n NORTIC A2, A3 y E1 para el desarrollo y gesti&#xF3;n de los medios Web, Datos Abiertos y Redes Sociales de Estado Dominicano / Hu&#xE1;scar Fr&#xED;as Vilorio, 49.-- Aspectos legales de la Firma Digital en Rep&#xFA;blica Dominicana / Jasm&#xED;n Fabr&#xE9;, 59.-- Oficina paperless: los pasos previos / Marie-France Balasse, 63.-- La gesti&#xF3;n de documentos electr&#xF3;nicos en la Comunidad de Madrid / Antonio Gonz&#xE1;lez Quintana, 77.-- Firma Digital en la gesti&#xF3;n documental / Jasm&#xED;n Fabr&#xE9;, 99.-- La transici&#xF3;n del documento anal&#xF3;gico al documento digital: problemas y retos para la administraci&#xF3;n p&#xFA;blica actual / Ram&#xF3;n Aguilera Murgu&#xED;a, 103.-- Plenaria: implementaci&#xF3;n del Archivo Digital Nacional / Erika Rangel, 111.-- El legado digital de la Junta Central Electoral / Juan Karlos Salad&#xED;n, 115.-- &#xCD;ndice de uso de TIC e implementaci&#xF3;n de Gobierno Electr&#xF3;nico en el Estado Dominicano / Melvin Hilario, 121.-- Gobierno Digital / Armando Garc&#xED;a, 129.-- Palabras de clausura del 6.&#xBA; Encuentro Nacional de Archivos / Jos&#xE9; V&#xED;lchez, 131.-- Anexos, 135.-- Lista de participantes por instituci&#xF3;n, 137.-- Programa del evento, 145.-- Fotos 6.&#xBA; Encuentro Nacional de Archivos, 147.</subfield>
  </datafield>
  <datafield tag="590" ind1=" " ind2=" ">
    <subfield code="a">Inventariado 2023 / MF

</subfield>
  </datafield>
  <datafield tag="650" ind1=" " ind2="4">
    <subfield code="a">Documentos electr&#xF3;nicos</subfield>
    <subfield code="x">Administraci&#xF3;n</subfield>
    <subfield code="9">81238</subfield>
  </datafield>
  <datafield tag="650" ind1=" " ind2="4">
    <subfield code="a">Administraci&#xF3;n de archivos</subfield>
    <subfield code="9">81239</subfield>
  </datafield>
  <datafield tag="650" ind1=" " ind2="4">
    <subfield code="a">Administraci&#xF3;n de sistemas de informaci&#xF3;n</subfield>
    <subfield code="9">47313</subfield>
  </datafield>
  <datafield tag="650" ind1=" " ind2="4">
    <subfield code="a">Archivos</subfield>
    <subfield code="x">Congreso, conferencias, etc.</subfield>
    <subfield code="y">2018.</subfield>
    <subfield code="z">Rep&#xFA;blica Dominicana</subfield>
    <subfield code="9">81321</subfield>
  </datafield>
  <datafield tag="700" ind1="1" ind2=" ">
    <subfield code="a">Gonz&#xE1;lez, Raymundo,</subfield>
    <subfield code="d">1961-</subfield>
    <subfield code="e"> editor</subfield>
    <subfield code="9">627</subfield>
  </datafield>
  <datafield tag="700" ind1="1" ind2=" ">
    <subfield code="a">Hern&#xE1;ndez, &#xC1;ngel,</subfield>
    <subfield code="e">editor</subfield>
    <subfield code="9">11092</subfield>
  </datafield>
  <datafield tag="910" ind1=" " ind2=" ">
    <subfield code="a">Lop&#xE9;rez/Validado. Control de calidad MFF</subfield>
  </datafield>
  <datafield tag="942" ind1=" " ind2=" ">
    <subfield code="2">ddc</subfield>
    <subfield code="c">LBS1</subfield>
  </datafield>
  <datafield tag="952" ind1=" " ind2=" ">
    <subfield code="0">0</subfield>
    <subfield code="1">0</subfield>
    <subfield code="2">ddc</subfield>
    <subfield code="5">1</subfield>
    <subfield code="7">0</subfield>
    <subfield code="8">PD</subfield>
    <subfield code="a">BNPHU</subfield>
    <subfield code="b">BNPHU</subfield>
    <subfield code="c">HD</subfield>
    <subfield code="d">2021-07-23</subfield>
    <subfield code="e">Dep&#xF3;sito Legal </subfield>
    <subfield code="o">BNPHU PD 027.5 E56m 2018</subfield>
    <subfield code="p">2021-25333</subfield>
    <subfield code="r">2021-07-23</subfield>
    <subfield code="w">2021-07-23</subfield>
    <subfield code="y">LBS1</subfield>
  </datafield>
  <datafield tag="952" ind1=" " ind2=" ">
    <subfield code="0">0</subfield>
    <subfield code="1">0</subfield>
    <subfield code="2">ddc</subfield>
    <subfield code="5">1</subfield>
    <subfield code="7">0</subfield>
    <subfield code="8">PD</subfield>
    <subfield code="a">BNPHU</subfield>
    <subfield code="b">BNPHU</subfield>
    <subfield code="c">HD</subfield>
    <subfield code="d">2021-08-02</subfield>
    <subfield code="e">Dep&#xF3;sito Legal </subfield>
    <subfield code="o">BNPHU PD  027.5 E56m 2018</subfield>
    <subfield code="p">2021-25342</subfield>
    <subfield code="r">2021-08-02</subfield>
    <subfield code="t">e.2</subfield>
    <subfield code="w">2021-08-02</subfield>
    <subfield code="y">LBS1</subfield>
  </datafield>
  <datafield tag="952" ind1=" " ind2=" ">
    <subfield code="0">0</subfield>
    <subfield code="1">0</subfield>
    <subfield code="2">ddc</subfield>
    <subfield code="5">6</subfield>
    <subfield code="7">0</subfield>
    <subfield code="8">DS</subfield>
    <subfield code="a">BNPHU</subfield>
    <subfield code="b">BNPHU</subfield>
    <subfield code="c">HD</subfield>
    <subfield code="d">2021-08-02</subfield>
    <subfield code="e">Dep&#xF3;sito Legal </subfield>
    <subfield code="l">0</subfield>
    <subfield code="o">BNPHU DS 027.5  E56m 2018</subfield>
    <subfield code="p">2021-25343</subfield>
    <subfield code="r">2021-08-02</subfield>
    <subfield code="t">e.3</subfield>
    <subfield code="w">2021-08-02</subfield>
    <subfield code="y">LBS1</subfield>
  </datafield>
  <datafield tag="952" ind1=" " ind2=" ">
    <subfield code="0">0</subfield>
    <subfield code="1">0</subfield>
    <subfield code="2">ddc</subfield>
    <subfield code="5">6</subfield>
    <subfield code="7">0</subfield>
    <subfield code="8">DS</subfield>
    <subfield code="a">BNPHU</subfield>
    <subfield code="b">BNPHU</subfield>
    <subfield code="c">HD</subfield>
    <subfield code="d">2022-03-30</subfield>
    <subfield code="e">Donaci&#xF3;n</subfield>
    <subfield code="o">BNPHU DS 027.5 E56m 2018</subfield>
    <subfield code="p">2023-0802</subfield>
    <subfield code="r">2023-02-09</subfield>
    <subfield code="t">e.4</subfield>
    <subfield code="w">2023-02-09</subfield>
    <subfield code="y">LBS1</subfield>
  </datafield>
  <datafield tag="952" ind1=" " ind2=" ">
    <subfield code="0">0</subfield>
    <subfield code="1">0</subfield>
    <subfield code="2">ddc</subfield>
    <subfield code="5">6</subfield>
    <subfield code="7">0</subfield>
    <subfield code="8">DS</subfield>
    <subfield code="a">BNPHU</subfield>
    <subfield code="b">BNPHU</subfield>
    <subfield code="c">HD</subfield>
    <subfield code="d">2022-03-30</subfield>
    <subfield code="e">Donaci&#xF3;n</subfield>
    <subfield code="o">BNPHU DS 027.5 E56m 2018</subfield>
    <subfield code="p">2023-0803</subfield>
    <subfield code="r">2023-02-09</subfield>
    <subfield code="t">e.5</subfield>
    <subfield code="w">2023-02-09</subfield>
    <subfield code="y">LBS1</subfield>
  </datafield>
  <datafield tag="999" ind1=" " ind2=" ">
    <subfield code="c">50169</subfield>
    <subfield code="d">50169</subfield>
  </datafield>
</record>
